000 00421nam a2200157Ia 4500
008 210716s2001 xx 000 0 und d
020 _a8120310098
041 _aeng
082 _a004.03 PFAB
100 _aPfaffenberger, Bryan.
245 _aQues computer and internet dictionary.
250 _a6
260 _aNew Delhi
_bPrentice Hall of India PVt Ltd.
_c2001
300 _ax,574
650 _aComputer Fundamentals
999 _c185433
_d185433